[Event "SR 3. liga A2 2008/2009"]
[Site "?"]
[Date "2009.01.11"]
[Round "5.7"]
[White "Mackovic, Miroslav"]
[Black "Bogi, Timea"]
[Result "0-1"]
[WhiteElo "1972"]
[BlackElo "1553"]
[PlyCount "168"]
[EventDate "2008.??.??"]

1. c4 e5 2. Nc3 Nf6 3. e3 c6 4. d4 exd4 5. Qxd4 d5 6. a3 Be6 7. cxd5 Nxd5 8.
Nf3 Qb6 9. Qxb6 Nxb6 10. Nd4 Bg4 11. h3 Bh5 12. e4 f6 13. Ne6 Kd7 14. Nxf8+
Rxf8 15. f3 Ke8 16. Bf4 N8d7 17. Bd6 Rg8 18. Nd1 Ne5 19. Ne3 Bf7 20. Bxe5 fxe5
21. Be2 Rd8 22. Ng4 Nd7 23. O-O-O Ke7 24. Ne3 g6 25. Bc4 Nb6 26. Bxf7 Kxf7 27.
Ng4 Ke6 28. Kc2 Nc4 29. Kc3 b5 30. Nf2 Ne3 31. Rxd8 Rxd8 32. Rg1 Nc4 33. a4
Nxb2 34. axb5 cxb5 35. Ng4 Nc4 36. Kb4 a6 37. Ra1 Ra8 38. Nf2 Ne3 39. Rg1 Rd8
40. Ka5 Rd6 41. Ng4 Nc4+ 42. Kb4 h5 43. Nf2 Rd2 44. Nd1 Kd6 45. Kc3 Ra2 46. g4
Ra3+ 47. Kc2 h4 48. Nc3 g5 49. Rd1+ Kc5 50. Rd8 Nb6 51. Rg8 b4 52. Nd1 b3+ 53.
Kb1 Nc4 54. Rxg5 Nd2+ 55. Kc1 Nxf3 56. Rf5 Kd4 57. Kb2 Ra2+ 58. Kxb3 Rd2 59.
Rxf3 Rxd1 60. Rf6 Kxe4 61. Rxa6 Rd3+ 62. Kc2 Rxh3 63. Ra4+ Kd5 64. Ra5+ Ke6 65.
Ra6+ Kd5 66. Ra5+ Ke4 67. Ra4+ Kf3 68. g5 Rh2+ 69. Kd1 e4 70. Ra8 e3 71. Rf8+
Kg4 72. g6 Rd2+ 73. Ke1 Rd7 74. Rf7 Rd8 75. Ke2 h3 76. Kxe3 Kg3 77. Rf3+ Kg2
78. Rf5 h2 79. Rg5+ Kh3 80. Rh5+ Kg3 81. g7 Re8+ 82. Kd4 Rg8 83. Rg5+ Kh4 84.
Rg6 Kh5 0-1

[Event "SR 3. liga A2 2008/2009"]
[Site "?"]
[Date "2009.01.11"]
[Round "5.8"]
[White "Bogi, Peter"]
[Black "Gajarsky, Julius"]
[Result "0-1"]
[WhiteElo "1547"]
[BlackElo "1807"]
[PlyCount "104"]
[EventDate "2008.??.??"]

1. e4 c5 2. Nf3 d6 3. Bb5+ Bd7 4. Bxd7+ Qxd7 5. O-O Nf6 6. d3 Nc6 7. Nc3 e6 8.
Re1 Be7 9. Bf4 e5 10. Bg5 h6 11. Bxf6 Bxf6 12. Nd5 Bd8 13. Nd2 O-O 14. Rf1 Ne7
15. Nxe7+ Bxe7 16. f4 exf4 17. Rxf4 b5 18. Qh5 Bg5 19. Raf1 Bxf4 20. Rxf4 Qe6
21. c4 a6 22. b3 Qe5 23. Qg4 Qd4+ 24. Rf2 Qxd3 25. Qf4 Rae8 26. g4 Re6 27. Qf3
Qxf3 28. Rxf3 Rb8 29. Re3 Rg6 30. h3 h5 31. Rg3 hxg4 32. hxg4 Re8 33. Kg2 bxc4
34. bxc4 Rb8 35. Nb3 Rb4 36. Kf3 Rxc4 37. Rg2 Rf6+ 38. Ke3 Re6 39. Nd2 Rc3+ 40.
Kf4 Rc2 41. Ke3 Rxa2 42. Rg1 d5 43. Rc1 Ra3+ 44. Ke2 c4 45. Ke1 c3 46. Nb1
Rxe4+ 47. Kd1 Ra1 48. Nxc3 Rxc1+ 49. Kxc1 Rc4 50. Kd2 Rxg4 51. Ne2 Rg2 52. Kd3
Rxe2 0-1

[Event "SR 3. liga A2 2008/2009"]
[Site "?"]
[Date "2009.01.11"]
[Round "5.1"]
[White "Hecko, Dusan"]
[Black "Hudacek, Josef"]
[Result "1-0"]
[WhiteElo "2160"]
[BlackElo "2065"]
[PlyCount "69"]
[EventDate "2008.??.??"]

1. c4 Nf6 2. Nc3 g6 3. g3 Bg7 4. Bg2 O-O 5. Nf3 Nc6 6. O-O d6 7. Rb1 a5 8. a3
e5 9. d3 Ne8 10. b4 axb4 11. axb4 f5 12. Bd2 h6 13. b5 Ne7 14. Ne1 g5 15. Nc2
Nf6 16. Nb4 Ng6 17. Qc2 Nh7 18. Ncd5 h5 19. c5 f4 20. cxd6 cxd6 21. Nc7 Rb8 22.
Qc4+ Kh8 23. Nbd5 Ne7 24. Rfc1 Nxd5 25. Nxd5 Bg4 26. Nc3 Nf6 27. h3 Bf5 28. Ne4
Qd7 29. Nxg5 d5 30. Qc7 fxg3 31. fxg3 Qe8 32. Bb4 Rg8 33. Nf7+ Kh7 34. Qxe5 Be6
35. Qxe6 1-0

[Event "SR 3. liga A2 2008/2009"]
[Site "?"]
[Date "2009.01.11"]
[Round "5.2"]
[White "Kubis, Ivan"]
[Black "Diviak, Rastislav"]
[Result "1/2-1/2"]
[WhiteElo "2012"]
[BlackElo "2022"]
[PlyCount "70"]
[EventDate "2008.??.??"]

1. e4 d6 2. d4 Nf6 3. Nc3 g6 4. f4 Bg7 5. Nf3 O-O 6. Bd3 Na6 7. O-O c5 8. d5
Bg4 9. h3 Bxf3 10. Qxf3 Nc7 11. Be3 a6 12. a4 b6 13. g4 Qd7 14. g5 Nh5 15. Qg4
Rad8 16. Rf3 f6 17. f5 fxg5 18. Bxg5 Be5 19. Bh6 Rf6 20. Raf1 Kh8 21. Kh1 Rg8
22. Rg1 Qe8 23. Bg5 Rff8 24. Qh4 Bf6 25. Bxf6+ Rxf6 26. Ne2 gxf5 27. Rxg8+ Kxg8
28. e5 dxe5 29. Rxf5 Rxf5 30. Bxf5 Qf7 31. Qg5+ $11 Ng7 32. Be4 Nxd5 33. Qxe5
e6 34. Qb8+ Qe8 35. Qe5 Qf7 $11 1/2-1/2

[Event "SR 3. liga A2 2008/2009"]
[Site "?"]
[Date "2009.01.11"]
[Round "5.4"]
[White "Vogl, Zdenek"]
[Black "Hanzluvka, Peter"]
[Result "0-1"]
[WhiteElo "1885"]
[BlackElo "2038"]
[PlyCount "61"]
[EventDate "2008.??.??"]

1. e4 c5 2. Nf3 Nc6 3. d4 cxd4 4. Nxd4 Nf6 5. Nc3 e6 6. Bg5 Be7 7. f4 Qb6 8.
Nxc6 bxc6 9. Rb1 h6 10. Bxf6 Bxf6 11. Qd2 d5 12. e5 Be7 13. Na4 Qc7 14. c4 Rb8
15. c5 f6 16. Qc3 fxe5 17. fxe5 Rf8 18. Be2 Rf5 19. Rf1 Qxe5 20. Qxe5 Rxe5 21.
Kd1 Rb4 22. Nc3 Rg5 23. g3 e5 24. h4 Rxg3 25. a3 Rd4+ 26. Kc2 Bxh4 27. Rbe1 Rg2
28. Rd1 Ba6 29. Rd2 Rxd2+ 30. Kxd2 d4 31. Ne4 0-1

[Event "SR 3. liga A2 2008/2009"]
[Site "?"]
[Date "2009.01.11"]
[Round "5.5"]
[White "Diviak, Rudolf"]
[Black "Vach, Jozef"]
[Result "1/2-1/2"]
[WhiteElo "1894"]
[BlackElo "1917"]
[PlyCount "41"]
[EventDate "2008.??.??"]

1. e4 e5 2. Nf3 Nc6 3. Bc4 Be7 4. c3 Nf6 5. d3 d6 6. h3 Na5 7. Bb5+ c6 8. Ba4
b5 9. Bc2 c5 10. O-O Nc6 11. Re1 Qc7 12. Nbd2 O-O 13. Nf1 Re8 14. Ng3 h6 15.
Be3 Kh7 16. Qd2 Bf8 17. Rad1 g6 18. Bb1 Bg7 19. d4 exd4 20. cxd4 Bb7 21. d5 $11
1/2-1/2

[Event "SR 3. liga A2 2008/2009"]
[Site "?"]
[Date "2009.01.11"]
[Round "5.6"]
[White "Hrubsa, Marian"]
[Black "Danada, Ondrej"]
[Result "0-1"]
[WhiteElo "1909"]
[BlackElo "1891"]
[PlyCount "110"]
[EventDate "2008.??.??"]

1. e4 c6 2. d4 d5 3. Nc3 dxe4 4. Nxe4 Bf5 5. Ng3 Bg6 6. h4 h6 7. Nf3 Nd7 8. h5
Bh7 9. Bd3 Bxd3 10. Qxd3 Qc7 11. Bd2 Ngf6 12. O-O-O e6 13. Ne4 O-O-O 14. g3
Nxe4 15. Qxe4 Bd6 16. Rhe1 Nf6 17. Qe2 Nxh5 18. Ne5 Nf6 19. Kb1 Kb8 20. Qc4 c5
21. dxc5 Bxe5 22. Qb5 Bd4 23. Ba5 b6 24. Rxd4 a6 25. Rxd8+ Rxd8 26. Qb3 Qb7 27.
Bxb6 Rd5 28. c4 Rd7 29. Qe3 Ka8 30. f3 Qb8 31. f4 Qb7 32. Qa3 Rd4 33. Qa4 Nd7
34. c6 Qxb6 35. cxd7 Rd2 36. Qa3 Rxd7 37. c5 Qb5 38. Qe3 Qd3+ 39. Qxd3 Rxd3 40.
Kc2 Rxg3 41. Rd1 f6 42. Rd6 $11 Kb7 43. Rxe6 h5 44. b4 h4 45. Re1 h3 46. Rh1 g5
47. fxg5 fxg5 48. a4 g4 49. b5 axb5 50. axb5 Rg2+ 51. Kc3 h2 52. Re1 Rg1 53.
Re7+ Kc8 54. Kb4 h1=Q 55. Ka5 Qa8+ 0-1

[Event "SR 3. liga A2 2008/2009"]
[Site "?"]
[Date "2009.01.11"]
[Round "5.7"]
[White "Pagerka, Slavomir"]
[Black "Harasta, Juraj"]
[Result "1-0"]
[WhiteElo "1848"]
[BlackElo "1628"]
[PlyCount "51"]
[EventDate "2008.??.??"]

1. e4 e5 2. Nf3 Nc6 3. d4 exd4 4. Nxd4 Nf6 5. Nxc6 bxc6 6. e5 Nd5 7. c4 Bb4+ 8.
Bd2 Bxd2+ 9. Qxd2 Nb6 10. c5 Nd5 11. Nc3 Nxc3 12. Qxc3 O-O 13. Bd3 Re8 14. O-O
Rb8 15. Rad1 g6 16. Bc4 Qe7 17. f4 Qxc5+ 18. Kh1 d5 19. exd6 cxd6 20. f5 Bxf5
21. Bxf7+ Kxf7 22. Qxc5 dxc5 23. g4 Rxb2 24. gxf5 Rxa2 25. Rd7+ Re7 26. fxg6+
1-0

[Event "SR 3. liga A2 2008/2009"]
[Site "?"]
[Date "2009.01.11"]
[Round "5.8"]
[White "Kubik, Peter"]
[Black "Skapik, Branislav"]
[Result "1-0"]
[WhiteElo "1491"]
[BlackElo "1823"]
[PlyCount "93"]
[EventDate "2008.??.??"]

1. e4 e6 2. d4 d5 3. Nd2 c5 4. exd5 Qxd5 5. Bb5+ Bd7 6. Bxd7+ Nxd7 7. Ndf3 Ngf6
8. Ne2 Rd8 9. O-O Nb6 10. c3 Bd6 11. Bg5 h6 12. Bh4 g5 13. Bg3 Bxg3 14. Nxg3 g4
15. Ne5 h5 16. Qc1 Ke7 17. Qf4 h4 18. Ne2 h3 19. f3 Rdg8 20. g3 Rh7 21. Rf2 Nh5
22. Qe3 f5 23. fxg4 fxg4 24. dxc5 Nc4 25. Nxc4 Qxc4 26. Qd4 Qxd4 27. cxd4 Nf6
28. Nc3 Rhg7 29. Raf1 Rd8 30. Rxf6 Rxd4 31. R6f4 Rd2 32. R4f2 Rd3 33. Nb5 Rd5
34. b4 a5 35. a3 Kd7 36. Nd6 Kc6 37. Rf7 Rxf7 38. Nxf7 Rd2 39. Ne5+ Kb5 40.
Nxg4 axb4 41. Rb1 Kxc5 42. axb4+ Kd4 43. Nf2 e5 44. Rd1 Rxd1+ 45. Nxd1 Kc4 46.
Kf2 b5 47. Ke3 1-0

[Event "SR 3. liga A2 2008/2009"]
[Site "?"]
[Date "2009.01.11"]
[Round "5.1"]
[White "Ambros, Rafael"]
[Black "Horak, Ivan"]
[Result "1/2-1/2"]
[WhiteElo "2082"]
[BlackElo "2138"]
[PlyCount "96"]
[EventDate "2008.??.??"]

1. e4 c5 2. Nc3 Nc6 3. Nge2 e6 4. g3 g6 5. Bg2 Bg7 6. O-O Nge7 7. d3 O-O 8. Be3
b6 9. Qd2 Re8 10. Bh6 Bh8 11. Rab1 d6 12. h3 Bb7 13. f4 Nd4 14. g4 f5 15. Ng3
Qd7 16. Nd1 d5 17. c3 Ndc6 18. e5 d4 19. c4 a5 20. a4 Nd8 21. Bxb7 Qxb7 22. Bg5
Ndc6 23. Bxe7 Nxe7 24. g5 h6 25. h4 hxg5 26. hxg5 Bg7 27. Qg2 Qd7 28. b3 Kf7
29. Kf2 Rh8 30. Nb2 Qc6 31. Rh1 Qxg2+ 32. Kxg2 Nc6 33. Rxh8 Rxh8 34. Rh1 Ke7
35. Rxh8 Bxh8 36. Nf1 Bxe5 37. fxe5 Nxe5 38. Kg3 Nf7 39. Kh4 e5 40. Nd2 Nd6 41.
Kg3 Ke6 42. Nd1 Nf7 43. Kh4 Nd8 44. Nf2 Nc6 45. Kg3 Nb4 46. Nf3 Na6 47. Nh4 Kf7
48. Nf3 Ke6 1/2-1/2

[Event "SR 3. liga A2 2008/2009"]
[Site "?"]
[Date "2009.01.11"]
[Round "5.3"]
[White "Pribila, Gerhard"]
[Black "Sefcik, Marek"]
[Result "1/2-1/2"]
[WhiteElo "2013"]
[BlackElo "1997"]
[PlyCount "87"]
[EventDate "2008.??.??"]

1. e4 c5 2. c3 Nf6 3. e5 Nd5 4. d4 cxd4 5. Nf3 Nc6 6. cxd4 d6 7. Bc4 e6 8. O-O
Be7 9. a3 O-O 10. Qd3 dxe5 11. dxe5 Nb6 12. Nc3 Na5 13. Bb5 a6 14. Qxd8 Rxd8
15. Ba4 Nxa4 16. Nxa4 b5 17. Nb6 Rb8 18. Nxc8 Rbxc8 19. Be3 Nc4 20. Bd4 Nd2 21.
Rfd1 Nb3 22. Bb6 Nxa1 23. Bxd8 Bxd8 24. Rxa1 Rc2 25. b4 Bb6 26. h3 Bxf2+ 27.
Kh2 Bb6 28. a4 Kf8 29. axb5 axb5 30. Ra8+ Ke7 31. Rb8 Bc7 32. Rxb5 f6 33. Kg1
Rb2 34. exf6+ $11 gxf6 35. Rh5 Bg3 36. Rxh7+ Kd6 37. Kf1 Rf2+ 38. Kg1 Rb2 39.
Kf1 Rxb4 40. Rg7 Rb1+ 41. Ke2 Rb2+ 42. Kf1 Bf4 43. Rg6 $11 Ke7 44. Rg7+ $11
1/2-1/2

[Event "SR 3. liga A2 2008/2009"]
[Site "?"]
[Date "2009.01.11"]
[Round "5.4"]
[White "Bilovsky, Milan"]
[Black "Kocak, Branislav"]
[Result "1/2-1/2"]
[WhiteElo "1911"]
[BlackElo "1896"]
[PlyCount "106"]
[EventDate "2008.??.??"]

1. c4 Nf6 2. d4 e6 3. Nc3 d5 4. Bg5 Bb4 5. Nf3 O-O 6. a3 Bxc3+ 7. bxc3 b6 8.
cxd5 exd5 9. e3 Bb7 10. Be2 Nbd7 11. Ne5 Qc8 12. Nxd7 Nxd7 13. O-O Ba6 14. Rc1
c5 15. Bxa6 Qxa6 16. Qg4 f5 17. Qf3 Qb7 18. c4 h6 19. Bh4 f4 20. exf4 cxd4 21.
cxd5 Rf5 22. g4 Qxd5 23. Qxd5+ Rxd5 24. g5 Kh7 25. gxh6 Kxh6 26. Bg5+ Kh7 27.
Rc7 d3 28. Rd1 Re8 29. Kf1 a5 30. h4 Kg6 31. f3 Kf5 32. Rd2 g6 33. Rc6 Re6 34.
Rxe6 Kxe6 35. Ke1 Nc5 36. Rb2 Na4 37. Rb3 d2+ 38. Kd1 b5 39. f5+ Kxf5 40. Bxd2
Nb6 41. Ke2 Nc4 42. Bc1 Ke5 43. Rd3 Rd4 44. Rb3 Rd5 45. Rd3 Rxd3 46. Kxd3 Kd5
47. f4 b4 48. axb4 axb4 49. Kc2 Kc5 50. f5 gxf5 51. h5 Ne5 52. Kb3 Kd5 53. h6
Ng6 1/2-1/2

[Event "SR 3. liga A2 2008/2009"]
[Site "?"]
[Date "2009.01.11"]
[Round "5.5"]
[White "Brunovsky, Peter"]
[Black "Jozefovic, Milan"]
[Result "0-1"]
[WhiteElo "1753"]
[BlackElo "1894"]
[PlyCount "82"]
[EventDate "2008.??.??"]

1. d4 e6 2. c4 Nf6 3. Nf3 d5 4. g3 Nc6 5. Bg2 dxc4 6. O-O Be7 7. Qa4 O-O 8.
Qxc4 Nd7 9. e4 Nb6 10. Qd3 f5 11. e5 Nb4 12. Qe2 N4d5 13. Nc3 Bd7 14. Nd2 Bc6
15. Nb3 Qe8 16. Nxd5 Nxd5 17. Rd1 b6 18. Bd2 Bb5 19. Qe1 c6 20. f4 a5 21. Bf1
Ba4 22. Rdc1 Qd7 23. h4 Rfd8 24. Bc3 Bb4 25. Nd2 Nxc3 26. bxc3 Bxc3 27. Rxc3
Qxd4+ 28. Re3 Qxd2 29. Bc4 Qxe1+ 30. Raxe1 Kf7 31. g4 g6 32. h5 Rd4 33. hxg6+
hxg6 34. gxf5 Rxc4 35. fxg6+ Kxg6 36. f5+ Kxf5 37. Rh3 Rg8+ 38. Kh1 Rf4 39. Rh6
Rg6 40. Rh7 Re4 41. Rh5+ Kg4 0-1

[Event "SR 3. liga A2 2008/2009"]
[Site "?"]
[Date "2009.01.11"]
[Round "5.6"]
[White "Husek, Lubomir"]
[Black "Zajicek, Ferdinand"]
[Result "0-1"]
[WhiteElo "1738"]
[BlackElo "1946"]
[PlyCount "72"]
[EventDate "2008.??.??"]

1. e4 e5 2. Nf3 d6 3. d4 exd4 4. Nxd4 Nf6 5. Nc3 Be7 6. Be2 O-O 7. Bg5 Nxe4 8.
Bxe7 Qxe7 9. Nxe4 Qxe4 10. O-O Nc6 11. Nxc6 Qxc6 12. Bf3 Qb6 13. b3 Bd7 14. Re1
Rae8 15. Qd2 Bc6 16. Bd5 Bxd5 17. Qxd5 Qb4 18. Qd1 Rxe1+ 19. Qxe1 Qxe1+ 20.
Rxe1 Rc8 21. c4 Kf8 22. f4 Re8 23. Rxe8+ Kxe8 24. Kf2 Kd7 25. Ke3 Ke6 26. g4 f5
27. h3 c5 28. a3 b6 29. a4 g6 30. g5 d5 31. cxd5+ Kxd5 32. Kd3 a6 33. h4 b5 34.
a5 c4+ 35. bxc4+ bxc4+ 36. Kc3 Kc5 0-1

[Event "SR 3. liga A2 2008/2009"]
[Site "?"]
[Date "2009.01.11"]
[Round "5.7"]
[White "Papanek, Lubomir"]
[Black "Hrubos, Milan"]
[Result "1-0"]
[WhiteElo "1677"]
[BlackElo "1713"]
[PlyCount "80"]
[EventDate "2008.??.??"]

1. c4 Nf6 2. Nc3 g6 3. Nf3 Bg7 4. g3 O-O 5. Bg2 c5 6. O-O Nc6 7. d3 e5 8. Bg5
h6 9. Be3 d6 10. h3 Rb8 11. Nh2 Ne7 12. a4 a6 13. Qc1 Kh7 14. Qc2 Be6 15. Rfb1
Nc6 16. Bd2 Qd7 17. a5 Bxh3 18. e3 Bxg2 19. Kxg2 Nb4 20. Qd1 Nxd3 21. e4 Nb4
22. Qe2 Nc2 23. Ra2 Nd4 24. Qd3 b5 25. Rh1 b4 26. Ne2 Nxe2 27. Qxe2 Rh8 28. b3
Kg8 29. f4 exf4 30. e5 dxe5 31. Qxe5 Qc6+ 32. Nf3 Re8 33. Qxf4 h5 34. Re1 Rxe1
35. Bxe1 Ng4 36. Rd2 Bh6 37. Qb8+ Kg7 38. Rd8 Rxd8 39. Qxd8 Qe4 40. Bf2 Qe2 1-0

[Event "SR 3. liga A2 2008/2009"]
[Site "?"]
[Date "2009.01.11"]
[Round "5.8"]
[White "Holly, Milan"]
[Black "Valla, Tomas"]
[Result "1-0"]
[WhiteElo "1799"]
[BlackElo "1350"]
[PlyCount "153"]
[EventDate "2008.??.??"]

1. Nf3 c5 2. b3 d5 3. e3 Nf6 4. Bb2 Nc6 5. Be2 a6 6. O-O e6 7. d4 cxd4 8. Nxd4
g6 9. c4 Nxd4 10. Qxd4 Bg7 11. cxd5 O-O 12. dxe6 Bxe6 13. Rd1 Qc7 14. Qh4 Qc2
15. Bxf6 Qxe2 16. Nc3 Bxf6 17. Qxf6 Qh5 18. Qe7 b5 19. Ne4 Qe5 20. Nf6+ Kg7 21.
Nd7 Rfe8 22. Nxe5 Rxe7 23. Nf3 Bg4 24. Rac1 Bxf3 25. gxf3 g5 26. Rc5 h6 27. Rd6
Re6 28. Rd7 Rf6 29. Kg2 Kg6 30. Kg3 Rh8 31. Rd4 Re6 32. f4 f5 33. Rdd5 Rf8 34.
h3 h5 35. Re5 Rd6 36. fxg5 Kxg5 37. e4 h4+ 38. Kg2 Kf4 39. Rxf5+ Rxf5 40. Rxf5+
Kxe4 41. Rh5 Rd2 42. Rxh4+ Kf5 43. a4 Kg5 44. Rg4+ Kf5 45. axb5 axb5 46. Rg3
Rd4 47. Re3 Rb4 48. Kg3 Rd4 49. Rc3 b4 50. Re3 Kg5 51. f3 Kf5 52. h4 Rf4 53. h5
Rd4 54. Re4 Rd1 55. Rxb4 Rg1+ 56. Kf2 Rh1 57. Rb5+ Kf4 58. Kg2 Rd1 59. Rb4+ Kg5
60. Kg3 Kxh5 61. Rb5+ Kg6 62. Kg4 Rg1+ 63. Kf4 Rd1 64. Rb6+ Kf7 65. Ke5 Re1+
66. Kf5 Rd1 67. b4 Rd5+ 68. Ke4 Rd1 69. f4 Re1+ 70. Kf5 Rd1 71. Rb7+ Ke8 72.
Kf6 Kd8 73. f5 Re1 74. Kf7 Kc8 75. Re7 Rb1 76. Re4 Rc1 77. f6 1-0

[Event "SR 3. liga A2 2008/2009"]
[Site "?"]
[Date "2009.01.25"]
[Round "6.1"]
[White "Mihalik, Marek"]
[Black "Halas, Miroslav"]
[Result "0-1"]
[WhiteElo "2098"]
[BlackElo "1939"]
[PlyCount "60"]
[EventDate "2008.??.??"]

1. d4 d5 2. c4 c6 3. Nf3 Nf6 4. Nc3 e6 5. cxd5 exd5 6. Bg5 Be7 7. e3 O-O 8. Qc2
Nbd7 9. Bd3 h6 10. Bh4 Re8 11. O-O b5 12. Rac1 Bb7 13. Bf5 Qb6 14. Rfd1 Rad8
15. h3 a6 16. Bg3 c5 17. dxc5 Nxc5 18. Nd4 Nce4 19. Nxe4 Nxe4 20. Bc7 Qf6 21.
Bxd8 Bxd8 22. Bxe4 Rxe4 23. b3 Bb6 24. Qd2 Qg6 25. Ne2 d4 26. f3 Rxe3 27. Nf4
Qg5 28. Nd3 Bxf3 29. Re1 Rxe1+ 30. Nxe1 Qxd2 0-1

[Event "SR 3. liga A2 2008/2009"]
[Site "?"]
[Date "2009.01.25"]
[Round "6.2"]
[White "Klanica, Anton"]
[Black "Manak, Jozef"]
[Result "1/2-1/2"]
[WhiteElo "1956"]
[BlackElo "2009"]
[PlyCount "41"]
[EventDate "2008.??.??"]

1. e4 c5 2. Nf3 a6 3. d4 cxd4 4. Nxd4 Nf6 5. Nc3 e5 6. Nb3 Bb4 7. f3 d5 8. exd5
Nxd5 9. Bd2 Nxc3 10. Bxc3 Bxc3+ 11. bxc3 Qg5 12. Qd2 Qxd2+ 13. Kxd2 O-O 14. Bd3
Nd7 15. Rhe1 b6 16. Bf5 f6 17. Bxd7 Bxd7 18. Rad1 Bf5 19. Kc1 Rac8 20. Re3 Rc6
21. Kb2 1/2-1/2

[Event "SR 3. liga A2 2008/2009"]
[Site "?"]
[Date "2009.01.25"]
[Round "6.3"]
[White "Gono, Michal"]
[Black "Hagara, Vladimir"]
[Result "1/2-1/2"]
[WhiteElo "1854"]
[BlackElo "1969"]
[PlyCount "43"]
[EventDate "2008.??.??"]

1. d4 Nf6 2. c4 g6 3. Nc3 d5 4. Bg5 Ne4 5. Nxe4 dxe4 6. e3 Bg7 7. Qc2 c6 8. Bf4
Qa5+ 9. Qd2 Qxd2+ 10. Kxd2 Nd7 11. f3 Nf6 12. Kc2 O-O 13. Be5 exf3 14. Nxf3
Bf5+ 15. Bd3 Ng4 16. Bxg7 Kxg7 17. Rhe1 Bxd3+ 18. Kxd3 Nf2+ 19. Ke2 Ne4 20. Kd3
Nf2+ 21. Ke2 Ne4 22. Kd3 1/2-1/2

[Event "SR 3. liga A2 2008/2009"]
[Site "?"]
[Date "2009.01.25"]
[Round "6.4"]
[White "Bahna, Jan"]
[Black "Mihalik, Anton"]
[Result "1/2-1/2"]
[WhiteElo "1935"]
[BlackElo "1959"]
[PlyCount "86"]
[EventDate "2008.??.??"]

1. e4 c5 2. Nc3 Nc6 3. g3 g6 4. Bg2 Bg7 5. d3 d6 6. Nf3 e6 7. O-O Nge7 8. Be3
O-O 9. Qd2 Nd4 10. Nd1 Rb8 11. c3 Nxf3+ 12. Bxf3 Nc6 13. Bh6 Ne5 14. Be2 f5 15.
Bxg7 Kxg7 16. d4 Nc6 17. d5 exd5 18. exd5 Ne5 19. f4 Nf7 20. c4 Re8 21. Nc3 Qf6
22. Rae1 Bd7 23. Bd1 a6 24. a4 b5 25. axb5 axb5 26. cxb5 Bxb5 27. Nxb5 Rxe1 28.
Rxe1 Rxb5 29. Re2 Rb4 30. Qc3 Qxc3 31. bxc3 Rb1 32. Rd2 Rc1 33. Rd3 c4 34. Rd4
Rxc3 35. Be2 Rc1+ 36. Kf2 c3 37. Rc4 c2 38. Ke3 Rd1 39. Rxc2 Rxd5 40. Rc7 Rc5
41. Rd7 Kf6 42. Kd4 Ke6 43. Ra7 Nd8 1/2-1/2

[Event "SR 3. liga A2 2008/2009"]
[Site "?"]
[Date "2009.01.25"]
[Round "6.5"]
[White "Curidlo, Jan"]
[Black "Holicky, Miroslav"]
[Result "1-0"]
[WhiteElo "1979"]
[BlackElo "1872"]
[PlyCount "118"]
[EventDate "2008.??.??"]

1. c4 c5 2. Nc3 Nc6 3. g3 g6 4. Bg2 Bg7 5. Nf3 e6 6. e4 Nge7 7. O-O O-O 8. Re1
Ne5 9. d3 Nxf3+ 10. Bxf3 Nc6 11. Bg2 d6 12. Be3 Nd4 13. Rb1 Rb8 14. Qd2 Bd7 15.
b4 cxb4 16. Rxb4 Qa5 17. Reb1 Qc7 18. Ne2 Nxe2+ 19. Qxe2 b6 20. Qd2 Rfd8 21. f4
e5 22. h3 Kh8 23. Qf2 f5 24. fxe5 dxe5 25. Kh2 Rf8 26. c5 b5 27. Qe2 a5 28.
R4b3 f4 29. Bg1 fxg3+ 30. Kxg3 Bc6 31. Be3 Qe7 32. R3b2 Bf6 33. Kh2 Bg5 34.
Bxg5 Qxg5 35. Qd2 Qf4+ 36. Qxf4 Rxf4 37. Rf1 Rbf8 38. Rxf4 Rxf4 39. Kg3 h5 40.
Bf3 Kg7 41. Rd2 h4+ 42. Kf2 Kf6 43. Ke3 g5 44. d4 exd4+ 45. Rxd4 Ke5 46. Rd8
Rf6 47. Rg8 Rh6 48. Rxg5+ Ke6 49. Bg4+ Kf7 50. Kf4 b4 51. Be2 a4 52. Bc4+ Ke7
53. Rg7+ Kd8 54. e5 Rh8 55. Rg8+ Rxg8 56. Bxg8 a3 57. Bb3 Bd7 58. e6 Bc8 59.
Ke5 Ke7 1-0

[Event "SR 3. liga A2 2008/2009"]
[Site "?"]
[Date "2009.01.25"]
[Round "6.6"]
[White "Svoboda, Adam"]
[Black "Bincik, Pavol"]
[Result "1/2-1/2"]
[WhiteElo "1815"]
[BlackElo "1890"]
[Annotator ",Jozef"]
[PlyCount "52"]
[EventDate "2008.??.??"]

1. e4 c6 2. d4 d5 3. Nc3 dxe4 4. Nxe4 Bf5 5. Ng3 Bg6 6. Nf3 Nd7 7. Bd3 Bxd3 8.
Qxd3 Ngf6 9. Qb3 Qc7 10. Be3 e6 11. c4 c5 12. Rc1 cxd4 13. Bxd4 Bc5 14. O-O O-O
15. Rfd1 Rad8 16. Qe3 Qb6 17. b3 Rfe8 18. Ne4 Nxe4 19. Qxe4 Bxd4 20. Qxd4 Qa5
21. Qd2 Qb6 22. Qd6 Qa5 23. b4 Qb6 24. c5 Qxd6 25. Rxd6 Nf6 26. Rcd1 Nd5 $11
1/2-1/2

[Event "SR 3. liga A2 2008/2009"]
[Site "?"]
[Date "2009.01.25"]
[Round "6.7"]
[White "Manak, Adrian"]
[Black "Puskas, Miroslav"]
[Result "1/2-1/2"]
[WhiteElo "1637"]
[BlackElo "2001"]
[PlyCount "104"]
[EventDate "2008.??.??"]

1. d4 d5 2. c4 e6 3. Nf3 c6 4. Nc3 Bb4 5. Nd2 Nf6 6. e3 O-O 7. Bd3 dxc4 8. Nxc4
b5 9. Ne5 Bb7 10. O-O Nbd7 11. Nf3 a6 12. a3 Bxc3 13. bxc3 c5 14. Bd2 c4 15.
Bc2 Ne4 16. Qb1 f5 17. a4 Nxd2 18. Nxd2 Qg5 19. g3 Qh6 20. Bd1 Qh3 21. f3 Nf6
22. Nxc4 Ng4 23. Qc2 bxc4 24. fxg4 Be4 25. Qa2 fxg4 26. Rf4 Rxf4 27. exf4 Rb8
28. Qe2 Bd5 29. Bc2 g6 30. Rb1 Rxb1+ 31. Bxb1 Qh5 32. Qe5 Qh6 33. Be4 Qf8 34.
Bxd5 exd5 35. Qxd5+ Kg7 36. Qc5 Qf7 37. Qc6 Qf5 38. Qxc4 Qb1+ 39. Qf1 Qc2 40.
Qe1 Qxa4 41. d5 Qb3 42. Qe5+ Kh6 43. Kf2 Qc2+ 44. Ke3 Qxh2 45. Qg5+ Kg7 46.
Qxg4 Qg1+ 47. Kd3 Qb1+ 48. Kd4 Qb6+ 49. Ke4 Qb1+ 50. Kd4 Qb6+ 51. Kd3 Qb1+ 52.
Kd4 Qb6+ 1/2-1/2

[Event "SR 3. liga A2 2008/2009"]
[Site "?"]
[Date "2009.01.25"]
[Round "6.8"]
[White "Herega, Jozef"]
[Black "Gubis, Vladimir"]
[Result "1/2-1/2"]
[WhiteElo "1880"]
[BlackElo "1755"]
[Annotator ",Jozef"]
[PlyCount "58"]
[EventDate "2008.??.??"]

1. d4 Nf6 2. c4 b6 3. Nc3 Bb7 4. d5 g6 5. e4 d6 6. Bd3 Bg7 7. Nge2 Nbd7 8. f4
c6 9. Bd2 c5 10. O-O Qc7 11. a4 a6 12. Ra2 O-O 13. Qb3 Rab8 14. Qa3 Bc8 15. Rb1
Re8 16. Nd1 Nf8 17. b4 Bg4 18. Bc3 N8d7 19. h3 Bxe2 20. Rxe2 Nh5 21. Bxg7 Nxg7
22. Qb2 cxb4 23. Qxb4 Qc5+ 24. Qxc5 bxc5 25. Reb2 Rxb2 26. Rxb2 Rb8 27. Rxb8+
Nxb8 28. a5 Nh5 29. f5 g5 $11 1/2-1/2

[Event "SR 3. liga A2 2008/2009"]
[Site "?"]
[Date "2009.01.25"]
[Round "6.1"]
[White "Kovacocy, Pavel"]
[Black "Malar, Pavol"]
[Result "1/2-1/2"]
[WhiteElo "2232"]
[BlackElo "2090"]
[PlyCount "47"]
[EventDate "2008.??.??"]

1. e4 e6 2. d4 d5 3. Nc3 Bb4 4. exd5 exd5 5. Bd3 Ne7 6. Nge2 Nbc6 7. O-O O-O 8.
a3 Bd6 9. Nb5 Bf5 10. Nxd6 Qxd6 11. Bf4 Qd7 12. Bb5 Ng6 13. Be3 Rae8 14. Qd2 a6
15. Ba4 Qd6 16. Nf4 Bd7 17. c3 Na5 18. Nxg6 fxg6 19. Bxd7 Qxd7 20. Rae1 Nc4 21.
Qc1 Nxe3 22. Rxe3 Rxe3 23. fxe3 Rxf1+ 24. Qxf1 1/2-1/2

[Event "SR 3. liga A2 2008/2009"]
[Site "?"]
[Date "2009.01.25"]
[Round "6.2"]
[White "Gajarsky, Roman"]
[Black "Cechovic, Stefan"]
[Result "1/2-1/2"]
[WhiteElo "1943"]
[BlackElo "2186"]
[PlyCount "72"]
[EventDate "2008.??.??"]

1. e4 c6 2. d4 d5 3. e5 Bf5 4. Bd3 Bxd3 5. Qxd3 e6 6. f4 Ne7 7. Nf3 g6 8. g4 h5
9. g5 Nf5 10. b3 a6 11. c3 c5 12. Ba3 Qb6 13. O-O Nc6 14. Rd1 Rc8 15. Kf2 cxd4
16. cxd4 Bxa3 17. Nxa3 Nb4 18. Qd2 O-O 19. Rac1 Kg7 20. Nb1 Rxc1 21. Rxc1 Nc6
22. Nc3 Ncxd4 23. Nxd4 Qxd4+ 24. Qxd4 Nxd4 25. Na4 b5 26. Nb6 Rb8 27. Nd7 Rd8
28. Nf6 b4 29. Ke3 Nb5 30. Rc6 Ra8 31. Rb6 Nc3 32. Rxb4 Nxa2 33. Rb6 $11 Nc3
34. Kd4 Ne2+ 35. Ke3 Nc3 36. Kd4 Ne2+ 1/2-1/2